صلاح الدين الأيوبي : عربي -فرنسي -انجليزي / (رقم التسجيلة. 103168)

تفاصيل مارك
000 -LEADER
fixed length control field 00794nam a22002297a 4500
005 - DATE AND TIME OF LATEST TRANSACTION
control field 20251108173415.0
008 - FIXED-LENGTH DATA ELEMENTS--GENERAL INFORMATION
fixed length control field 250721s2004 xx 000 0 ara d
020 ## - INTERNATIONAL STANDARD BOOK NUMBER
International Standard Book Number 9953301131
082 14 - DEWEY DECIMAL CLASSIFICATION NUMBER
Classification number م/ط/923.5560669/كاي
100 1# - MAIN ENTRY--PERSONAL NAME
Personal name كايا، زكريا
245 10 - TITLE STATEMENT
Title صلاح الدين الأيوبي : عربي -فرنسي -انجليزي /
246 11 - VARYING FORM OF TITLE
Title proper/short title calaheddine al-ayoubi
264 1# - PRODUCTION, PUBLICATION, DISTRIBUTION, MANUFACTURE, AND COPYRIGHT NOTICE
Place of production, publication, distribution, manufacture بيروت :
Name of producer, publisher, distributor, manufacturer دار الراتب العلمية،
Date of production, publication, distribution, manufacture, or copyright notice 2004.
300 ## - PHYSICAL DESCRIPTION
Extent 27ص : مص.
490 0# - SERIES STATEMENT
Series statement موسوعة مشاهير من تاريخنا للناشئة
650 17 - SUBJECT ADDED ENTRY--TOPICAL TERM
Topical term or geographic name as entry element التاريخ الاسلامي
650 17 - SUBJECT ADDED ENTRY--TOPICAL TERM
Topical term or geographic name as entry element الايوبيون 1252-1174
653 ## - INDEX TERM--UNCONTROLLED
Uncontrolled term ناشئون صغار (10-14)سنة
700 1# - ADDED ENTRY--PERSONAL NAME
Personal name شعبان، فوزي
Relator term Tran.
942 ## - ADDED ENTRY ELEMENTS (KOHA)
Source of classification or shelving scheme Dewey Decimal Classification
Koha item type مراجع
المقتنيات
حالة السحب حالة الفقدان مصدر التصنيف حالة التلف غير قابل للإعارة المكتبة الرئيسية المكتبة الحالية موقع الرف تاريخ التزويد الرقم المتسلسل Total Checkouts رقم الإستدعاء الباركود تاريخ آخر ظهور تاريخ الفاتورة نوع المادة (كوها)
    Dewey Decimal Classification   Not For Loan مكتبة أبو علندا العامة مكتبة أبو علندا العامة الأطفال 28/07/2025 1056780   م/ط/923.5560669/كاي 1056780 28/07/2025 28/07/2025 مراجع
    Dewey Decimal Classification   Not For Loan مكتبة البراءة للأطفال مكتبة البراءة للأطفال الأطفال 28/07/2025 1056816   م/ط/923.5560669/كاي 1056816 28/07/2025 28/07/2025 مراجع
    Dewey Decimal Classification   Not For Loan مكتبة البراعم الواعدة مكتبة البراعم الواعدة الأطفال 28/07/2025 1056876   م/ط/923.5560669/كاي 1056876 28/07/2025 28/07/2025 مراجع
    Dewey Decimal Classification   Not For Loan مكتبة الجويدة مكتبة الجويدة مراجع 19/02/2018 1676633   م/ط/923.5560669/كاي PLD00417692 28/07/2025 19/02/2018 مراجع
    Dewey Decimal Classification   Not For Loan مكتبة الراية الهاشمية للأطفال مكتبة الراية الهاشمية للأطفال الأطفال 10/05/2009 1275355   م/ط/923.5560669/كاي PLD00087897 28/07/2025 10/05/2009 مراجع
    Dewey Decimal Classification   Not For Loan مكتبة النصر العامة مكتبة النصر العامة الأطفال 28/07/2025 1056804   م/ط/923.5560669/كاي 1056804 28/07/2025 28/07/2025 مراجع
    Dewey Decimal Classification   Not For Loan مكتبة حمزة العامة مكتبة حمزة العامة الأطفال 10/05/2009 1275367   م/ط/923.5560669/كاي PLD00087898 28/07/2025 10/05/2009 مراجع
    Dewey Decimal Classification   Not For Loan مكتبة وادي السير العامة مكتبة وادي السير العامة الأطفال 28/07/2025 1056792   م/ط/923.5560669/كاي 1056792 28/07/2025 28/07/2025 مراجع
    Dewey Decimal Classification   Not For Loan مكتبة وادي السير العامة مكتبة وادي السير العامة الأطفال 10/05/2009 1275391   م/ط/923.5560669/كاي PLD00087900 28/07/2025 10/05/2009 مراجع
    Dewey Decimal Classification   Not For Loan مكتبة ومركز فرح مكتبة ومركز فرح الأطفال 10/05/2009 1275319   م/ط/923.5560669/كاي PLD00087893 28/07/2025 10/05/2009 مراجع
    Dewey Decimal Classification   Not For Loan مكتبةمؤتة مكتبةمؤتة الأطفال 28/07/2025 1056888   م/ط/923.5560669/كاي 1056888 28/07/2025 28/07/2025 مراجع
    Dewey Decimal Classification   Not For Loan مكتبةمؤتة مكتبةمؤتة الأطفال 10/05/2009 1275343   م/ط/923.5560669/كاي PLD00087896 28/07/2025 10/05/2009 مراجع
Implemented & Customized by: BBB with SCIT (Smart Chains for Information Technology)

Powered by Koha